| 000 | 00495nam a22001937a 4500 | ||
|---|---|---|---|
| 003 | OSt | ||
| 005 | 20140310182020.0 | ||
| 008 | 130731t xxu||||| |||| 00| 0 eng d | ||
| 020 | _a9787800529276 | ||
| 050 |
_aPL 1129.E5 _b.F979 2004 |
||
| 082 |
_aTR _b495.1 F95 2004 |
||
| 245 | _aFun Chinese for Kids 1 | ||
| 260 |
_aChina : _bSinolingua. _cc2004 |
||
| 300 |
_a91 p. _bill. ; col. ; _c28 cm. |
||
| 541 | _j1 | ||
| 562 | _e1 | ||
| 650 |
_aLanguage _91929 |
||
| 942 |
_2lcc _cBK-TR _kTR |
||
| 999 |
_c8332 _d8332 |
||